Marie Curie : (Record no. 430)

MARC details
000 -LEADER
fixed length control field 01319nam a22003497a 4500
001 - CONTROL NUMBER
control field 430
003 - CONTROL NUMBER IDENTIFIER
control field FISKH
005 - DATE AND TIME OF LATEST TRANSACTION
control field 20230420144030.0
008 - FIXED-LENGTH DATA ELEMENTS--GENERAL INFORMATION
fixed length control field 230420b cb ||||| |||| 00| 0 eng d
020 ## - INTERNATIONAL STANDARD BOOK NUMBER
International Standard Book Number 9780531222089
040 ## - CATALOGING SOURCE
Original cataloging agency DLC
Transcribing agency DLC
Modifying agency DLC
-- FISKH
Language of cataloging eng
043 ## - GEOGRAPHIC AREA CODE
Geographic area code e-pl---
-- e-fr---
050 00 - LIBRARY OF CONGRESS CALL NUMBER
Classification number QD22.C8
Item number V46 2009
082 00 - DEWEY DECIMAL CLASSIFICATION NUMBER
Classification number 540.92
-- B
Edition number 22
100 1# - MAIN ENTRY--PERSONAL NAME
Personal name Venezia, Mike.
245 10 - TITLE STATEMENT
Title Marie Curie :
Remainder of title scientist who made glowing discoveries /
Statement of responsibility, etc. written and illustrated by Mike Venezia.
260 ## - PUBLICATION, DISTRIBUTION, ETC.
Place of publication, distribution, etc. New York :
Name of publisher, distributor, etc. Children's Press,
Date of publication, distribution, etc. 2009.
300 ## - PHYSICAL DESCRIPTION
Extent 32 p. :
Other physical details ill. (mostly col.) ;
Dimensions 25 cm.
490 0# - SERIES STATEMENT
Series statement Getting to know the world's greatest inventors and scientists
500 ## - GENERAL NOTE
General note Includes index.
505 ## - FORMATTED CONTENTS NOTE
Formatted contents note O
521 8# - TARGET AUDIENCE NOTE
Target audience note 840 <br/>
Source Lexile
521 8# - TARGET AUDIENCE NOTE
Target audience note O <br/>
Source Raz-Plus
600 10 - SUBJECT ADDED ENTRY--PERSONAL NAME
Personal name Curie, Marie,
Dates associated with a name 1867-1934
Form subdivision Juvenile literature.
650 #0 - SUBJECT ADDED ENTRY--TOPICAL TERM
Topical term or geographic name entry element Chemists
Geographic subdivision Poland
Form subdivision Biography
-- Juvenile literature.
650 #0 - SUBJECT ADDED ENTRY--TOPICAL TERM
Topical term or geographic name entry element Women chemists
Geographic subdivision Poland
Form subdivision Biography
-- Juvenile literature.
650 #0 - SUBJECT ADDED ENTRY--TOPICAL TERM
Topical term or geographic name entry element Chemists
Geographic subdivision France
Form subdivision Biography
-- Juvenile literature.
650 #0 - SUBJECT ADDED ENTRY--TOPICAL TERM
Topical term or geographic name entry element Women chemists
Geographic subdivision France
Form subdivision Biography
-- Juvenile literature.
906 ## - LOCAL DATA ELEMENT F, LDF (RLIN)
a 7
b cbc
c orignew
d 1
e ecip
f 20
g y-gencatlg
942 ## - ADDED ENTRY ELEMENTS (KOHA)
Source of classification or shelving scheme Dewey Decimal Classification
Koha item type Books
Suppress in OPAC No
Holdings
Withdrawn status Lost status Source of classification or shelving scheme Damaged status Not for loan Collection Home library Current library Shelving location Date acquired Total Checkouts Full call number Barcode Date last seen Price effective from Koha item type
    Library of Congress Classification     Non-Fiction Footprints International School Library Network Toul Kork Campus Footprints International School Library Network Toul Kork Campus A TK Campus, 4th Floor, Room B401, Non-Fiction Bookcases(7-8) 04/20/2023   VEN 540.92 QD22.C8 FISTK05510 04/20/2023 04/20/2023 Books